00607nam a2200181 a 450000100060000000300090000600800410001502000150005604000280007108200180009910000630011724500180018025000060019826000350020430000090023950501610024865000160040920516CO-ViMGA141112s2004 ck r 000 u spa d a9701047109 aCO-ViMGAbspacCO-ViMGA04a616.079 G653i1 aGoldsby, Richard A.; Kindt, Thomas J.; Osborne, Barbara A.10aInmunología a5 aMexico : bMcGraw Hill, c2004 a665p aGeneración de respuestas de celulas B y celulas T 61 - - Mecanismos efectores inmunitarios 293 - - El sistema inmunitario enla salud y la enfermedad 411 14aINMUNOLOGIA